Γνώθι το curriculum : γενικά και ειδικά θέματα αναλυτικών προγραμμάτων και διδακτικής

Αποθηκεύτηκε σε:
Λεπτομέρειες βιβλιογραφικής εγγραφής
Κύριος συγγραφέας: Χατζηγεωργίου, Γιάννης
Μορφή: Βιβλίο
Γλώσσα:Greek
Δημοσίευση: Αθήνα : Ατραπός, [1998].
Θέματα:
Ετικέτες: Προσθήκη ετικέτας
Δεν υπάρχουν, Καταχωρήστε ετικέτα πρώτοι!

MARC

LEADER 00000cam a2200000 i 4500
001 1/98877
008 000124s1998 gr | ||| |||| ||gre||
020 |a 9608077036 
035 |l 10056671 
040 |a GR-MY-UA  |b gre  |e aacr 
041 0 |a gre 
082 7 |a 375   |2 (21) 
100 1 |a Χατζηγεωργίου, Γιάννης. 
245 1 0 |a Γνώθι το curriculum :   |b γενικά και ειδικά θέματα αναλυτικών προγραμμάτων και διδακτικής /   |c Χατζηγεωργίου Γιάννης.  
260 |a Αθήνα :   |b Ατραπός,   |c [1998].  
300 |a 638 σ. ;   |c 24 εκ. 
504 |a Περιέχει βιβλιογραφικές παραπομπές. 
650 0 0 |a Education  |x Curricula. 
650 0 0 |a Education  |z Greece  |x Curricula. 
650 0 0 |a Curriculum planning  |z Greece. 
852 |a INST  |b RHODES  |e 20011212  |h 375 ΧΑΤ  |p 005400016820  |q 005400016820  |t BK  |y 0 
852 |a INST  |b RHODES  |e 20011212  |h 375 ΧΑΤ  |p 005400016821  |q 005400016821  |t BK  |y 0 
852 |a INST  |b RHODES  |e 20011212  |h 375 ΧΑΤ  |p 005400016822  |q 005400016822  |t BK  |y 0 
852 |a INST  |b RHODES  |e 20030530  |h 375 ΧΑΤ  |p 005400020414  |q 005400020414  |t BK  |y 0 
852 |a INST  |b RHODES  |e 20030530  |h 375 ΧΑΤ  |p 005400020415  |q 005400020415  |t BK  |y 0 
852 |a INST  |b SAMOS  |e 20000124  |h 375 ΧΑΤ  |p 005300015895  |q 005300015895  |t BK  |y 0 
852 |a INST  |b SAMOS  |e 20000124  |h 375 ΧΑΤ  |p 005300015896  |q 005300015896  |t BK  |y 0 
852 |a INST  |b SAMOS  |e 20000124  |h 375 ΧΑΤ  |p 005300015897  |q 005300015897  |t BK  |y 0 
852 |a INST  |b SAMOS  |e 20000124  |h 375 ΧΑΤ  |p 005300015898  |q 005300015898  |t BK  |y 0 
852 |a INST  |b SAMOS  |e 20000124  |h 375 ΧΑΤ  |p 005300015899  |q 005300015899  |t BK  |y 0 
852 |a INST  |b SAMOS  |e 20000124  |h 375 ΧΑΤ  |p 005300015900  |q 005300015900  |t BK  |y 0 
852 |a INST  |b SYROS  |e 20011011  |h 375 ΧΑΤ  |p 005500000875  |q 005500000875  |t BK  |y 0 
901 |a BIBL5-2001-3 
901 |a BIBL3-2000-1 
901 |a BIBL4-2001-3 
922 |a 3ΕΛΗ  |b 200001  |c ΔΩΡ  |d ΓΡΑΜΜΑΤΕΙΑ 
970 |a ΠΟΥΡΝΑΡΑΣ  |b ΔΗΜΗΤΡΗΣ  |z 2000/01/24